Using the Definite Article with Proper Nouns in English bakalárska práca

Saved in:
Bibliographic Details
Main Author: Mužíková, Sylvia
Corporate Author: Fakulta aplikovaných jazykov EU v Bratislave. Katedra jazykovedy a translatológie
Other Authors: Breveníková, Daniela
Format: Book
Language:English
Published: Bratislava 2018
Tags: Add Tag
No Tags, Be the first to tag this record!

MARC

LEADER 00000nbm a2200000 4500
001 0243980
005 20181011092830.3
041 0 |a eng 
044 |a SK 
245 1 0 |a Using the Definite Article with Proper Nouns in English  |b bakalárska práca  |c Sylvia Mužíková ; školiteľ: Daniela Breveníková 
264 1 |a Bratislava  |c 2018 
300 |a 40 s. 
100 1 |a Mužíková, Sylvia 
700 1 |a Breveníková, Daniela 
710 2 |a Fakulta aplikovaných jazykov EU v Bratislave. Katedra jazykovedy a translatológie